| 000 | 00369cam a2200145ua 4500 | ||
|---|---|---|---|
| 041 |
_amal _h |
||
| 082 |
_a894.8121 _bMAN/KU |
||
| 100 | _aMannumootu, C J . | ||
| 245 |
_aKutilukalute uthsavam / _cC J Mannumootu. _hTextual Documents |
||
| 260 |
_aErnamkulam : _bSahitya nilayam press , _c1952. |
||
| 300 | _a72 ; . | ||
| 504 | _a | ||
| 942 | _cBK | ||
| 999 |
_c5132 _d5132 |
||